|
|
|
|
| LEADER |
00683nam a2200205 a 4500 |
| 005 |
20151026132446.0 |
| 008 |
960221s1955 dcuabcdjdbkoqu001 0deng d |
| 003 |
ViArRB |
| 080 |
|
|
|a 058
|b STA"2010" R
|
| 100 |
|
|
|a Turner, Barry.,ed.by
|e ed.by
|9 12967
|
| 245 |
|
|
|a Statesman's Yearbook 2010
|b the politics,cultures and economics of the world
|
| 250 |
|
|
|a 146th ed.
|
| 300 |
|
|
|a xxxvi,1569p.
|
| 653 |
|
|
|a Year book -stateman's
|
| 942 |
|
|
|c REF
|6 _
|
| 260 |
|
|
|a New York
|b Palgrave macmillan
|c 2009
|9 12968
|
| 500 |
|
|
|a
|
| 020 |
|
|
|a 9780230206021
|
| 999 |
|
|
|c 49234
|d 49234
|
| 952 |
|
|
|0 0
|1 0
|2 udc
|4 0
|6 058_STAR
|7 1
|9 61966
|a UL
|b UL
|c REF
|d 2010-06-16
|o 058 STA R
|p 00063476
|r 2010-06-16
|w 2010-06-16
|y REF
|